000 00616nam a2200217Ia 4500
005 20250508164537.0
008 008 250505s9999 xx 000 0 eng d
037 _aTextual
040 _aFEDL
_beng
_cFEDL
041 _aeng
_2eng
084 _a371.102, THE
_qFEDL
100 _aThelen Herbert A
_9134117
245 0 _aClassroom society: The construction of educational experience
260 _aLondon, UK
_bCroom Helm Ltd.
_c1981
300 _a226p.
365 _aGBP
_b16.95
546 _aMACESE
650 _aSchool management
942 _cTEXL
_h371.102, THE
999 _c1389707
_d1389707